Physics, Vol. II, 5th Ed (Record no. 272465)

000 -LEADER
fixed length control field 00382 a2200157 4500
001 - CONTROL NUMBER
control field 37392
082 ## - DEWEY DECIMAL CLASSIFICATION NUMBER
Classification number 530HAL
090 ## - LOCALLY ASSIGNED LC-TYPE CALL NUMBER (OCLC); LOCAL CALL NUMBER (RLIN)
-- 23861
-- 23861
100 ## - MAIN ENTRY--PERSONAL NAME
Personal name Halliday David ; Resnick
245 ## - TITLE STATEMENT
Title Physics, Vol. II, 5th Ed
Statement of responsibility, etc. David Halliday ; Resnick
250 ## - EDITION STATEMENT
Edition statement 5
260 ## - PUBLICATION, DISTRIBUTION, ETC.
Place of publication, distribution, etc. New Delhi
Name of publisher, distributor, etc. Wiley Eastern
Date of publication, distribution, etc. 2005
300 ## - PHYSICAL DESCRIPTION
Extent xiv, 678pp
500 ## - GENERAL NOTE
General note CFT textbook
600 ## - SUBJECT ADDED ENTRY--PERSONAL NAME
Personal name Resnick
942 ## - ADDED ENTRY ELEMENTS (KOHA)
Institution code [OBSOLETE] NUST-CAE
Call number prefix 530HAL
Holdings
Withdrawn status Lost status Damaged status Not for loan Collection code Permanent Location Current Location Date acquired Total Checkouts Full call number Barcode Date last seen Price effective from Koha item type
          College of Aeronautical Engineering (CAE) College of Aeronautical Engineering (CAE) 04/03/2017   530HAL CAE61525 04/05/2017 04/05/2017 Book
© 2023 Central Library, National University of Sciences and Technology. All Rights Reserved.